00744nam a2200253 a 4500001001300000003000900013005001700022008004100039020001000080082001900090100001800109245008100127260004500208300000900253500003500262505001000297650001700307650001900324700001800343902000800361942000700369952009900376999001500475nice12345678IN_TiNIC20260116011557.0050524s1934 lona grp 000 0 eng  ac10000a306.80954bRAT aRathbone, E F aChild Marriageb the Indian Mondtaur, an Object-Lesson from the Past to Futu aLondonbGeorge Allen and Unwin Ltdc1934 a138p aincludes index and biblioraphy2 aindex aFamily-India aChild Marriage1 aRathbone, E F bSRS cBK 00104070aHMIbHMId2007-04-05g100.00l0o306.80954 RATp1290r2007-04-05w2026-01-16yARB c2708d2708